000 00608nam a22002177a 4500
003 OSt
005 20210423055307.0
008 210223s1963 ||||| |||| 00| 0 eng d
020 _a034528917X
040 _aeng
_beng
_cDLC
041 _aeng
080 _a821.111
_bB-96
100 _9911
_aBurroughs, Rice. Edgar
245 _aTarzan and the Jewels of Opar
_c/ by: Ballantine Books
260 _aNew York
_bBallantine Books
_c1963
300 _a158 p.
365 _b1.95 usd
650 0 _9254
_aEnglish literature
653 _aინგლისური ლიტერატურა
942 _2udc
_cBK
999 _c1669
_d1669